| 000 | 00743nam a2200241 u 4500 | ||
|---|---|---|---|
| 005 | 20240924065153.0 | ||
| 008 | 180621s2016 r 000 0 eng d | ||
| 020 | _a9786079745905 | ||
| 035 | _aUPN01000225684 | ||
| 049 | _aLT | ||
| 050 | 4 |
_aLB1029 C5.3 _bY6.4 |
|
| 245 | 0 | 0 |
_aYoltocah : _bestrategias didácticas multigrado / _ccoord. Elsie Rockwell. |
| 260 |
_aMéxico : _b[Master copy], _c2016. |
||
| 300 |
_a212 p. : _bil. col. |
||
| 650 | 4 |
_aGrupos multigrado _91555 |
|
| 650 | 4 |
_aCOMBINACION DE GRADOS _91554 |
|
| 610 | 2 | 4 |
_aPROPUESTA EDUCATIVA MULTIGRADO (MEXICO) _925626 |
| 650 | 4 |
_aEducación rural _zMéxico _94430 |
|
| 700 | 1 |
_aRockwell, Elsie, _ecoord. _929539 |
|
| 905 | _aLibro | ||
| 999 |
_c197780 _d197780 |
||